000 00482nam a2200169Ia 4500
003 GCL
008 140319s9999 xx 000 0 ara d
040 _aGCL /
_cGCL
082 0 4 _a237.8
_bف م
100 1 _aفهيم عزيز
245 1 0 _aمواهب الروح القدس او الكاريزما /
_cفهيم عزيز
260 _a[S.N] :
_bدار الثقافة العربية ،
_c1989
300 _a48 ص
490 _a
650 0 4 _aالكاريزما
942 _2ddc
_cBK
999 _c30481
_d30481